| 000 | 01622cam a22003374a 4500 | ||
|---|---|---|---|
| 090 | _c0 | ||
| 001 | 12301867 | ||
| 005 | 20040621201008.0 | ||
| 008 | 010206s2001 nyua b 001 0 eng | ||
| 010 | _a 2001017823 | ||
| 020 | _a0471317306 (pbk. : alk. paper) | ||
| 040 |
_aDLC _cDLC _dDLC |
||
| 042 | _apcc | ||
| 050 | 0 | 0 |
_aQA76.73.J38 _bS76 2001 |
| 082 | 0 | 0 |
_a005.133 _221 _bSTA |
| 100 | 1 |
_aStanchfield, Scott, _d1966- |
|
| 245 | 1 | 0 |
_aEffective VisualAge for Java, version 3 : _bincludes coverage of versions 3.02 and 3.5 / _cScott Stanchfield, Isabelle Mauny. |
| 260 |
_aNew York : _bWiley Computer Pub., _cc2001. |
||
| 300 |
_axxi, 936 p. ; _bill. ; _c24 cm. + _e1 computer optical disc (4 3/4 in.) |
||
| 504 | _aIncludes bibliographical references and index. | ||
| 538 | _aSystem requirements for accompanying computer disc: Windows 98/NT/2000. | ||
| 630 | 0 | 0 | _aVisualAge. |
| 650 | 0 | _aJava (Computer program language) | |
| 700 | 1 | _aMauny, Isabelle. | |
| 856 | 4 | 2 |
_3Contributor biographical information _uhttp://www.loc.gov/catdir/bios/wiley044/2001017823.html |
| 856 | 4 | 2 |
_3Publisher description _uhttp://www.loc.gov/catdir/description/wiley037/2001017823.html |
| 856 | 4 |
_3Table of Contents _uhttp://www.loc.gov/catdir/toc/onix04/2001017823.html |
|
| 942 |
_2ddc _cBB |
||
| 999 |
_c10373 _d10373 |
||